|
|
|
|
| LEADER |
00000nam0a2200000 4500 |
| 001 |
302883 |
| 005 |
20231102001540.0 |
| 035 |
|
|
|a (RuTPU)RU\TPU\book\328100
|
| 090 |
|
|
|a 302883
|
| 100 |
|
|
|a 20150827d1973 m y0rusy50 ca
|
| 101 |
0 |
|
|a rus
|
| 102 |
|
|
|a RU
|
| 105 |
|
|
|a a z 001zb
|
| 200 |
1 |
|
|a Подвиг Семена Дежнева
|f М. И. Белов
|
| 210 |
|
|
|a Москва
|c Мысль
|d 1973
|
| 215 |
|
|
|a 221 с.
|c ил.
|
| 320 |
|
|
|a Библиогр.: с. 179-222
|
| 600 |
|
1 |
|a Дежнев
|b С. И.
|c русский землепроходец
|f около 1605-1673
|g Семен Иванович
|2 stltpush
|3 (RuTPU)RU\TPU\pers\12415
|9 3423
|
| 606 |
1 |
|
|a Путешественники
|x Биографии
|2 stltpush
|3 (RuTPU)RU\TPU\subj\53233
|9 71553
|
| 610 |
1 |
|
|a география
|
| 610 |
1 |
|
|a географические экспедиции
|
| 610 |
1 |
|
|a землепроходцы
|
| 610 |
1 |
|
|a 17 век
|
| 610 |
1 |
|
|a плавание
|
| 610 |
1 |
|
|a Россия
|
| 675 |
|
|
|a 91(092)
|v 4
|
| 700 |
|
1 |
|a Белов
|b М. И.
|g Михаил Иванович
|
| 801 |
|
1 |
|a RU
|b 63413507
|c 20150827
|
| 801 |
|
2 |
|a RU
|b 63413507
|c 20170406
|g RCR
|
| 942 |
|
|
|c BK
|